000 00313nam a2200121Ia 4500
008 190902s9999||||xx |||||||||||||| ||und||
020 _a978-969-407-370-5
100 _aICAMP Study Text
245 0 _aML-203 Fundamentals of Management
260 _aLondon
_bRoyal Book Company
_c2011
300 _a533
942 _cBK
999 _c2827
_d2827